000
00234 a2200097 4500
001
32553
100
_a
Schildt, Herbert
245
_a
C++ The Complete Reference
260
_a
California
_b
Osborne McGraw Hill
_c
090
_c
21771
_d
21771
942
_a
NUST-CAE
_c
M
_c
13082
999
_c
267626
_d
267626